TB. OF RADIOLOGY FOR RESIDENTS & TECHNICIANS (Record no. 10530)
[ view plain ]
| 000 -LEADER | |
|---|---|
| fixed length control field | 00328nam a22001457a 4500 |
| 003 - CONTROL NUMBER IDENTIFIER | |
| control field | SGT |
| 082 ## - DEWEY DECIMAL CLASSIFICATION NUMBER | |
| Classification number | 616.0757 |
| Item number | R15B |
| 100 ## - MAIN ENTRY--PERSONAL NAME | |
| Personal name | BHARGVA, SATISH K. |
| 245 ## - TITLE STATEMENT | |
| Title | TB. OF RADIOLOGY FOR RESIDENTS & TECHNICIANS |
| 250 ## - EDITION STATEMENT | |
| Edition statement | 4TH |
| 260 ## - PUBLICATION, DISTRIBUTION, ETC. (IMPRINT) | |
| Place of publication, distribution, etc | INDIA |
| Name of publisher, distributor, etc | CBS |
| Year of Publication | 2015 |
| 300 ## - PAGE DESCRIPTION | |
| No. of Pages | 628 |
| 650 ## - SUBJECT ADDED ENTRY--TOPICAL TERM | |
| Topical term or geographic name as entry element | RADIOLOGY |
| 942 ## - ADDED ENTRY ELEMENTS (KOHA) | |
| Source of classification or shelving scheme | Dewey Decimal Classification |
| Koha item type | Books |
| 942 ## - ADDED ENTRY ELEMENTS (KOHA) | |
| -- | 19 |
| Withdrawn status | Lost status | Source of classification or shelving scheme | Damaged status | Not for loan | Collection code | Home library | Current library | Shelving location | Date acquired | Vendor Name | Cost, normal purchase price | SGTU | Bill Number | Total Checkouts | Full call number | Accession No. (Barcode) | Date last seen | Date last borrowed | Bill Date | Koha item type |
|---|---|---|---|---|---|---|---|---|---|---|---|---|---|---|---|---|---|---|---|---|
| Dewey Decimal Classification | MEDICAL | SGT Medical Library | SGT Medical Library | Text Book | 20/01/2017 | ABC | 695.00 | SGTU | 6436 | 23 | 616.0757 R15B | FM7841 | 14/11/2023 | 27/10/2023 | 02/01/2016 | Books | ||||
| Dewey Decimal Classification | MEDICAL | SGT Medical Library | SGT Medical Library | Text Book | 20/01/2017 | ABC | SGTU | 6436 | 19 | 616.0757 R15B | FM7842 | 01/05/2026 | 01/05/2026 | 02/01/2016 | Books | |||||
| Dewey Decimal Classification | MEDICAL | SGT Medical Library | SGT Medical Library | Text Book | 20/01/2017 | ABC | SGTU | 6436 | 34 | 616.0757 R15B | FM7843 | 15/12/2025 | 02/12/2025 | 02/01/2016 | Books | |||||
| Dewey Decimal Classification | MEDICAL | SGT Medical Library | SGT Medical Library | Text Book | 20/01/2017 | ABC | SGTU | 6436 | 13 | 616.0757 R15B | FM7844 | 07/10/2024 | 07/10/2024 | 02/01/2016 | Books | |||||
| Dewey Decimal Classification | MEDICAL | SGT Medical Library | SGT Medical Library | Text Book | 20/01/2017 | ABC | SGTU | 6436 | 25 | 616.0757 R15B | FM7845 | 05/12/2025 | 05/12/2025 | 02/01/2016 | Books |